00239nam a2200097Ia 4500008004100000100001900041245001900060260003600079300000800115650001800123191201s2008 xx 000 0 und d aMALIK, Kamlesh 0aSirf Apne Liye aKaithalbSukirti Parkeshnc2008 a136 aGeneral Books